Analýza indikátorov konkurencieschopnosti v Slovenskej republike

Úroveň a vývoj konkurencieschopnosti národnej ekonomiky SR a štátov V4. Ukazovatele konkurencieschopnosti, produktivity práce a exportu. Meranie konkurencieschopnosti a zložené indexy.

Salvato in:
Dettagli Bibliografici
Autore principale: Darmo, Martin
Altri autori: Kubicová, Jana, 1961-
Natura: Capitolo di libro
Lingua:slovacco
Soggetti:
Tags: Aggiungi Tag
Nessun Tag, puoi essere il primo ad aggiungerne!!

MARC

LEADER 00000nla$a2200000$$$4500
001 0148321
005 20240502083341.4
041 0 |a slo 
044 |a CZ 
245 1 0 |a Analýza indikátorov konkurencieschopnosti v Slovenskej republike  |c Martin Darmo, Jana Kubicová 
520 |a Úroveň a vývoj konkurencieschopnosti národnej ekonomiky SR a štátov V4. Ukazovatele konkurencieschopnosti, produktivity práce a exportu. Meranie konkurencieschopnosti a zložené indexy. 
610 2 0 |a Slovensko 
610 2 0 |a Vyšehradská štvorka 
610 2 0 |a konkurencia 
610 2 0 |a konkurencieschopnosť 
610 2 0 |a konkurencia trhová 
610 2 0 |a boj konkurenčný 
610 2 0 |a analýza korelačná 
610 2 0 |a ukazovatele 
610 2 0 |a indexy 
100 1 |a Darmo, Martin 
700 1 |a Kubicová, Jana, 1961-